Từ điển hư từ trong tiếng Hán hiện đại

Các từ được giải thích dễ hiểu kèm theo rất nhiều thí dụ minh họa có ghi rõ xuất xứ cho mỗi trường hợp sử dụng. Đây là loại từ công cụ - ngữ pháp rất quan trọng mà người học phải nắm vững nếu muốn đọc hiểu và dịch được chữ Hán...

Celý popis

Uloženo v:
Podrobná bibliografie
Hlavní autor: Bùi, Đức Anh
Další autoři: Tô, Cẩm Duy
Médium: Kniha
Jazyk:Undetermined
Vydáno: H. Văn Hóa Thông Tin 2008
Témata:
On-line přístup:http://lrc.tdmu.edu.vn/opac/search/detail.asp?aID=2&ID=35219
Tagy: Přidat tag
Žádné tagy, Buďte první, kdo otaguje tento záznam!
Thư viện lưu trữ: Trung tâm Học liệu Trường Đại học Thủ Dầu Một
LEADER 01117nam a2200217Ia 4500
001 TDMU_35219
008 210410s9999 xx 000 0 und d
082 |a 338.1 
090 |b B510 
100 |a Bùi, Đức Anh 
245 0 |a Từ điển hư từ trong tiếng Hán hiện đại 
245 0 |c Bùi Đức Anh, Tô Cẩm Duy 
260 |a H. 
260 |b Văn Hóa Thông Tin 
260 |c 2008 
300 |a 525tr. 
520 |a Các từ được giải thích dễ hiểu kèm theo rất nhiều thí dụ minh họa có ghi rõ xuất xứ cho mỗi trường hợp sử dụng. Đây là loại từ công cụ - ngữ pháp rất quan trọng mà người học phải nắm vững nếu muốn đọc hiểu và dịch được chữ Hán. 
650 |a Từ điển Tiếng Hán; Từ điển ngôn ngữ  |x Tiếng Hán 
700 |a Tô, Cẩm Duy 
856 |u http://lrc.tdmu.edu.vn/opac/search/detail.asp?aID=2&ID=35219 
980 |a Trung tâm Học liệu Trường Đại học Thủ Dầu Một